000 00184 a2200085 4500
020 _a9783038603726
100 _aANTOINE DE PERROT
245 _aTRANSVERSAL TERRITORY
260 _bPARK BOOKS
999 _c13062
_d13062